000 01210cam a2200301 a 4500
001 2540847
003 ARRUPE
005 20131001125142.0
008 940408s1994 vauab b 001 0 eng
010 _a 94012171
020 _a0813915627 (cloth)
040 _aDLC
_cDLC
_dDLC
043 _af-nr---
050 0 0 _aHD2928
_b.F67 1994
082 0 0 _a338.6/1/09669
_220
100 1 _aForrest, Tom
_q(Tom G.)
_91791
245 1 4 _aThe advance of African capital :
_bthe growth of Nigerian private enterprise /
_cTom Forrest.
260 _aCharlottesville :
_bUniversity Press of Virginia,
_c1994.
300 _axv, 300 p. :
_bill., maps ;
_c24 cm.
504 _aIncludes bibliographical references (p. [279]-290) and index.
650 0 _aBusiness enterprises
_zNigeria
_xHistory
_y20th century.
_91792
650 0 _aSaving and investment
_zNigeria
_xHistory
_y20th century.
_91793
650 0 _aFree enterprise
_zNigeria
_xHistory
_y20th century.
_91794
650 0 _aEntrepreneurship
_zNigeria
_xHistory
_y20th century.
_91795
906 _a7
_bcbc
_corignew
_d1
_eocip
_f19
_gy-gencatlg
942 _2lcc
_cMONOGRAPH
999 _c118174
_d118174